Bounce : Mozart, Federer, Picasso, Beckham, and the science of success

Bibliographic Details
Main Author: Syed, Matthew
Format: Book
Published: New York : Harper Collins Publishers , 2010
Edition:1st ed
Subjects:

MARC

LEADER 00000cam a2200000 7i4500
001 0000144612
005 20101018.0
020 |a 9780062004741 
090 0 0 |a 650.1   |b SYE 
100 1 |a Syed, Matthew 
245 1 0 |a Bounce :   |b Mozart, Federer, Picasso, Beckham, and the science of success   |c Matthew Syed 
250 |a 1st ed 
260 |a New York :   |b Harper Collins Publishers ,   |c 2010 
300 |a 312p. ;   |c 23cm. 
650 0 0 |a Ability 
650 0 0 |a Excellence 
650 0 0 |a Expertise 
650 0 0 |a Gifted persons 
650 0 0 |a Success 
999 |a 00243268   |b BUKU   |c PINJAMAN   |e PERPUSTAKAAN KOMUNITI PETALING JAYA